000 00989nam a22003017a 4500
001 BR2013000548
003 BR-BrBNA
005 20230928104122.0
007 ta
008 230509b bl.||||| |||| 00| 0 por d
040 _aBR-BrBNA
_bpor
_cBiblioteca Nacional de Agricultura
041 _a(Por)
072 _aE13
090 _ E13 BR2013000548
110 1 _aMinistério da Agricultura, Pecuária e Abastecimento. Secretaria de Defesa Agropecuária. Depto. de Fiscalização de Insumos Agrícolas, Brasília, DF (Brasil)
_97369
245 1 _aRelatório de execução da fiscalização insumos agrícolas; exercício 2011
260 3 _aBrasília, DF (Brasil):
_c2012.
300 _a134 p.
500 _a42 tables; 5 maps;13 illus.
650 _aINSUMO
650 _aFISCALIZAÇÃO
650 _aPRESTAÇÃO DE SERVIÇO
650 _aCLASSIFICAÇÃO DE PRODUTO
650 _aIMPORTAÇÃO
650 _aEXPORTAÇÃO
909 _a202309
_bLucia
_c55
_dLucia Elande
942 _cBK
999 _c78215
_d78215